| 000 | 00973cam a22002894a 4500 | ||
|---|---|---|---|
| 001 | 16297423 | ||
| 005 | 20171218071540.0 | ||
| 008 | 100622s2010 caua b 001 0 eng | ||
| 010 | _a 2010026647 | ||
| 015 |
_aGBB078275 _2bnb |
||
| 016 | 7 |
_a015589035 _2Uk |
|
| 020 | _a9780470499047 (pbk.) | ||
| 020 | _a0470499044 (pbk.) | ||
| 035 | _a(OCoLC)ocn601088821 | ||
| 040 |
_aDLC _cDLC _dYDX _dUKM _dBTCTA _dYDXCP _dCDX _dEEK _dDLC |
||
| 041 | _aeng | ||
| 042 | _apcc | ||
| 080 | _a371.9 | ||
| 082 | 0 | 0 |
_a371.9 COO _222 |
| 100 | 1 | _a46 | |
| 101 | _aEDU | ||
| 245 | 1 | 0 |
_aMaking online teaching accessible : _cNorman Coombs. |
| 504 | _aIncludes bibliographical references and index. | ||
| 906 |
_a7 _bcbc _corignew _d1 _eecip _f20 _gy-gencatlg |
||
| 942 |
_2ddc _cBK |
||
| 999 |
_c39074 _d39074 |
||